000 00380nam a2200157Ia 4500
100 _aJanakiraman/B/ Gopal/R.K
942 _cBK
366 _f25
654 _atotal quality management
245 _aTotal Quality Management:Text and cases
260 _bPrentice -Hall of India
_c2006
082 _a658.562
_bJAN
300 _a250
546 _aENGLISH
_cInfo.Tech
999 _c33589
_d33589